Teoría y política del desarrollo económico /

Kaydedildi:
Detaylı Bibliyografya
Yazar: Furtado, Celso
Diğer Yazarlar: Oliviera, Francisco Martí, Soler trad
Materyal Türü: Metin
Baskı/Yayın Bilgisi: México D.F.: Siglo XXI
Edisyon:6
Etiketler: Etiketle
Etiket eklenmemiş, İlk siz ekleyin!

MARC

LEADER 00000 a a2200000 04500
001 22198
003
040
090 |a 150500  
100 |a Furtado, Celso  
245 |a Teoría y política del desarrollo económico /  |c Celso Furtado 
250 |a 6  
260 |a México D.F.:   |b Siglo XXI  
300 |a 301 p   |b il.  
700 |a Oliviera, Francisco   |a Martí, Soler   |a trad  
999 |c 16774  |d 16774